000 00376cam a22001217a 4500
008 180718b1979 xxu||||| |||| 00| 0 eng d
082 _aA81x54 In2/71/18/Pt 1
100 _aCensus of India 1971
245 _aRajasthan: general report
260 _aDelhi
_bThe Controller of Publications
_c1979
300 _a184+p.
440 _aCensus of India 1971. Series-18, Rajasthan. Part I
999 _c485386
_d485386